Statistics for Art and Artists

Click here to take the quiz!

General Stats

  • This quiz has been taken 19 times
  • The average score is 10 of 15

Answer Stats

HintAnswer% Correct
This High-Renaissance artist spent years working on the ceiling of the Sistine ChapelMichelangelo
100%
Thoughtful bronze sculpture by Auguste RodinThe Thinker
100%
A Leonardo da Vinci mural portrays this biblical sceneThe Last Supper
87%
Nationality of Rene MagritteBelgian
80%
This Abstract Expressionist famous for his "Drip and Splash" technique.Jackson Pollock
73%
This eccentric Londoner painted many seascapesJ.M.W. Turner
73%
This Johannes Vermeer painting inspired a work of fiction, which in turn became a movie starring Scarlett Johansson and Colin FirthGirl with a Pearl Earring
67%
Large anti-war monochromatic oil painting by Pablo PicassoGuernica
67%
This Post-Impressionist spent many years in French Polynesia with colourful resultsPaul Gauguin
67%
American Gothic (1930) was unsurprisingly painted by an American. Who?Grant Wood
60%
"Pictures of Matchstick Men" the Status Quo hit, was a reference to this English artist's workL. S. Lowry
60%
Henri de Toulouse-Lautrec frequented this cabaret, inspiring a number of worksMoulin Rouge
60%
Early 20th century avant-garde art movementCubism
40%
"The Card Player" series of paintings was by this French artistPaul Cezanne
40%
Chinese activist and visual artistAi Weiwei
33%

Score Distribution

Percentile by Number Answered

Percent of People with Each Score

Your Score History

You have not taken this quiz